Sports Quiz

Random Sports or MLB Quiz

Top 50 Catchers by WAR Quiz Stats

 Plays Quiz Updated Nov 1, 2019

Score 0/50 Timer 10:00
6 Plays Today
Career WAR Player % Correct
75.2Johnny Bench
95.9%
68.7Ivan Rodriguez
92.7%
59.8Yogi Berra
87.7%
59.6Mike Piazza
86.8%
70.1Gary Carter
81.8%
42.8Jorge Posada
81.4%
40.2*Yadier Molina
81%
68.5Carlton Fisk
78.9%
55.0Joe Mauer
78.7%
42.1*Buster Posey
75.7%
46.1Thurman Munson
62.7%
29.7Javy Lopez
59.5%
31.8*Brian McCann
56.5%
37.9*Russell Martin
56%
34.1Roy Campanella
52%
58.4Bill Dickey
44.4%
27.3Benito Santiago
44.3%
57.6Joe Torre
42.2%
32.3Victor Martinez
42.2%
41.7Jason Kendall
41.9%
50.3Ted Simmons
41.5%
39.5Lance Parrish
40.4%
28.0Terry Steinbach
37.4%
48.5Mickey Cochrane
35.6%
60.1Gabby Hartnett
34.3%
Career WAR Player % Correct
27.0Elston Howard
33.6%
27.4Bob Boone
32%
40.9Darrell Porter
31.2%
46.8Gene Tenace
28.9%
44.8Bill Freehan
28.4%
27.2Spud Davis
26.1%
29.4Mickey Tettleton
26.1%
46.8Ernie Lombardi
25.9%
27.2*Mike Napoli
25.9%
27.5Manny Sanguillen
25.4%
26.1Mike Scioscia
25.2%
28.3Tim McCarver
25.1%
25.1Rick Dempsey
23.7%
40.5Jim Sundberg
23.2%
33.2Ray Schalk
15.7%
42.5Roger Bresnahan
14.4%
28.6Del Crandall
13%
33.7Rick Ferrell
11.4%
29.0Walker Cooper
11.3%
26.5Butch Wynegar
10.6%
33.4Smoky Burgess
10.3%
30.2Sherm Lollar
9.7%
29.3Tom Haller
9.1%
48.0Wally Schang
8.7%
27.3Ed Bailey
6.9%

You're not logged in!

Compare scores with friends on all Sporcle quizzes.
OR
Log In

Sporcle TV

Today on Sporcle TV


Watch our educational content, quiz creation guides, and fun videos on Sporcle TV.

Show Comments

Extras

Top Quizzes Today


Score Distribution

Your Account Isn't Verified!

In order to create a playlist on Sporcle, you need to verify the email address you used during registration. Go to your Sporcle Settings to finish the process.

Report this User

Report this user for behavior that violates our Community Guidelines.

Details: